000 00311nam a22001457a 4500
003 SGT
082 _a616.0757, M11W
100 _aWADHWA, VINEET
245 _aMEASUREMENTS IN RADIOLOGY MADE EASY
250 _a1ST
260 _aINDIA
_bJAYPEE
_c2011
300 _a195
650 _aRADIOLOGY
942 _2ddc
_cBK
999 _c9066
_d9066